Contabilidad para el siglo XXI (Registro nro. 1217)

Detalles MARC
000 -LEADER
fixed length control field 01044 a2200241 4500
001 - CONTROL NUMBER
control field 24717
005 - DATE AND TIME OF LATEST TRANSACTION
control field 20260407155530.0
008 - FIXED-LENGTH DATA ELEMENTS--GENERAL INFORMATION
fixed length control field 260407a1998 arg spa d
003 - CONTROL NUMBER IDENTIFIER
control field AR-UNSa-BCEJYS
040 ## - CATALOGING SOURCE
Original cataloging agency AR-UNSa-BCEJYS
Language of cataloging spa
Transcribing agency AR-UNSa-BCEJYS
080 ## - UNIVERSAL DECIMAL CLASSIFICATION NUMBER
Universal Decimal Classification number 657
Common auxiliary subdivision Contabilidad
020 ## - INTERNATIONAL STANDARD BOOK NUMBER
International Standard Book Number 978-950-739-621-2
041 ## - LANGUAGE CODE
Language code of text/sound track or separate title spa
100 1# - MAIN ENTRY--PERSONAL NAME
Personal name Zgaib, Alfredo O.
245 10 - TITLE STATEMENT
Title Contabilidad para el siglo XXI
Name of part/section of a work la debacle de la RT 10, las presiones para adaptar las normas argentinas a las internacionales y los rasgos de la economía global exigen un nuevo replanteo de la técnica contable.
264 #1 - PRODUCTION, PUBLICATION, DISTRIBUTION, MANUFACTURE, AND COPYRIGHT NOTICE
Place of production, publication, distribution, manufacture Buenos Aires :
Name of producer, publisher, distributor, manufacturer Errepar
Date of production, publication, distribution, manufacture, or copyright notice 1998
300 ## - PHYSICAL DESCRIPTION
Extent xxviii, 434 p.
Dimensions 27 cm.
505 ## - FORMATTED CONTENTS NOTE
Formatted contents note 1. Introducción.modelos contables - 2. Conversión de la unidad de medida - 3. Cuestiones de valuación y determinación de resultados - 4. Cuestiones de exposición - 5. Análisis de estados contables.
590 ## - LOCAL NOTE (RLIN)
Local note niveau_biblio:m niveau_hierar:0
650 ## - SUBJECT ADDED ENTRY--TOPICAL TERM
Topical term or geographic name entry element Resolución Técnica Nº 10
650 ## - SUBJECT ADDED ENTRY--TOPICAL TERM
Topical term or geographic name entry element resolucion tecnica nº 10
942 ## - ADDED ENTRY ELEMENTS (KOHA)
Koha item type
Existencias
Withdrawn status Lost status Damaged status Not for loan Home library Current library Shelving location Date acquired Total checkouts Full call number Barcode Date last seen Price effective from Koha item type
        Biblioteca Prof. Eusebio Cleto del Rey Biblioteca Prof. Eusebio Cleto del Rey   07/04/2026   657 Z63 L86178 07/04/2026 07/04/2026 Libro
        Biblioteca Prof. Eusebio Cleto del Rey Biblioteca Prof. Eusebio Cleto del Rey   07/04/2026   657 Z63 L86176 07/04/2026 07/04/2026 Libro
        Biblioteca Prof. Eusebio Cleto del Rey Biblioteca Prof. Eusebio Cleto del Rey   07/04/2026   657 Z63 L86177 07/04/2026 07/04/2026 Libro